| 000 | 00959nam a2200253Ia 4500 | ||
|---|---|---|---|
| 001 | 18193 | ||
| 003 | GE_BSU | ||
| 008 | 181216s||||||||xx |||||||||||||| ||und|| | ||
| 020 | _a99940-62-40-9 | ||
| 040 | _cGE_BSU | ||
| 080 | _a811.353.1 + 502 | ||
| 245 | _aქართული ენა და სამყარო | ||
| 245 | _cშემდგ.:გორდელაძე, ნინო. რედ. სვიმონიშვილი, ამირან | ||
| 260 | _aთბილისი | ||
| 260 | _bთანამედროვეობა და მემკვიდრეობა | ||
| 260 | _c2006 | ||
| 300 | _a351გვ. ; 28სმ. | ||
| 300 | _eსაძიებელი გვ.: 323-348 | ||
| 520 | _aშენიშვნ.: გვ.321-322 | ||
| 541 | _h25ლ. | ||
| 653 | _aქართული ენა და სამყარო | ||
| 653 | _aქართული ენა; სამყარო | ||
| 942 | _cBK | ||
| 999 |
_c51233 _d51233 |
||